[Event "St Chely d'Aubrac op 5th"]
[Site "St Chely d'Aubrac"]
[Date "2005.07.11"]
[Round "3"]
[White "Ruetsch, Johan"]
[Black "Lengert, Martin"]
[Result "0-1"]
[WhiteElo "1270"]
[BlackElo "1913"]
[PlyCount "56"]
[EventDate "2005.07.09"]
[EventType "swiss"]
[EventRounds "9"]
[EventCountry "FRA"]
[SourceTitle "CBM 107 Extra"]
[Source "ChessBase"]
[SourceDate "2005.09.01"]
[SourceVersion "1"]
[SourceVersionDate "2005.09.01"]
[SourceQuality "1"]

1. e4 e6 2. d4 d5 3. exd5 exd5 4. Nf3 Nf6 5. Be2 c6 6. 0-0 Bd6 7. Bd3 0-0 8. c3 Bg4 9. Be2 Nbd7 10. Nh4 Bxe2 11. Qxe2 Re8 12. Qd1 Ne4 13. Nf5 Bc7 14. Qg4 Qf6 15. Bh6 g6 16. Ng7 Re7 17. Nh5 Qe6 18. Qxe6 Rxe6 19. Nf4 Rf6 20. f3 Bxf4 21. fxe4 Bxh2+ 22. Kxh2 Rxf1 23. exd5 cxd5 24. g3 Re8 25. Kg2 Ree1 26. Bd2 Rxb1 27. Rxb1 Rxb1 28. b4 Rb2 0-1

[Event "St Chely d'Aubrac op 4th"]
[Site "St Chely d'Aubrac"]
[Date "2004.07.22"]
[Round "7"]
[White "Labarthe, Arnaud"]
[Black "Lengert, Martin"]
[Result "1-0"]
[WhiteElo "2028"]
[BlackElo "1810"]
[PlyCount "85"]
[EventDate "2004.07.17"]
[EventType "swiss"]
[EventRounds "9"]
[EventCountry "FRA"]
[SourceTitle "CBM 101 Extra"]
[Source "ChessBase"]
[SourceDate "2004.09.01"]
[SourceVersion "2"]
[SourceVersionDate "2004.09.01"]
[SourceQuality "1"]

1. d4 d5 2. c4 e6 3. Nc3 Nf6 4. cxd5 exd5 5. Bg5 Be7 6. Qc2 c6 7. e3 0-0 8. Bd3 h6 9. Bh4 Re8 10. Nge2 Nbd7 11. 0-0 Nf8 12. f3 Ne6 13. Rad1 Nh5 14. Bf2 Qc7 15. Kh1 Bd6 16. g4 Nf6 17. e4 dxe4 18. Nxe4 Nxe4 19. fxe4 Ng5 20. e5 Be7 21. Bf5 Qa5 22. Nf4 Bf8 23. h4 Ne6 24. Be3 Nxf4 25. Bxf4 Qxa2 26. Rf2 Qd5+ 27. Be4 Qe6 28. Rg1 Be7 29. g5 h5 30. Bh2 g6 31. Qd3 Rf8 32. Rg3 Kg7 33. Rf6 Qa2 34. Bxg6 Bxf6 35. gxf6+ Kh8 36. Bxh5 Be6 37. Qe3 Bd5+ 38. Bf3 Qb1+ 39. Rg1 Bxf3+ 40. Qxf3 Qh7 41. Rg5 Qb1+ 42. Bg1 Rfd8 43. Rg7 1-0

[Event "St Chely d'Aubrac op 4th"]
[Site "St Chely d'Aubrac"]
[Date "2004.07.17"]
[Round "1"]
[White "Seret, Jean Luc"]
[Black "Lengert, Martin"]
[Result "1-0"]
[WhiteElo "2351"]
[BlackElo "1810"]
[PlyCount "83"]
[EventDate "2004.07.17"]
[EventType "swiss"]
[EventRounds "9"]
[EventCountry "FRA"]
[SourceTitle "CBM 101 Extra"]
[Source "ChessBase"]
[SourceDate "2004.09.01"]
[SourceVersion "2"]
[SourceVersionDate "2004.09.01"]
[SourceQuality "1"]

1. e4 e6 2. d3 d5 3. Qe2 c6 4. Nf3 Nf6 5. g3 Be7 6. c3 0-0 7. Bg2 b6 8. e5 Nfd7 9. 0-0 Qc7 10. Bf4 c5 11. c4 Bb7 12. h4 dxc4 13. dxc4 Nc6 14. Nc3 Rad8 15. Rad1 a6 16. Rfe1 Rfe8 17. a3 Nf8 18. Nd5 exd5 19. cxd5 Nxe5 20. Bxe5 Qc8 21. Qc4 Nd7 22. Bf4 Bf6 23. Rxe8+ Rxe8 24. Qc2 Qa8 25. Ng5 Bxg5 26. hxg5 Rd8 27. Bh3 Bxd5 28. Qd3 Be4 29. Qd6 Bf3 30. Rd2 Qe4 31. Bf1 Qb7 32. Qe7 Qc8 33. Bh3 Bc6 34. Rd6 Bb5 35. b3 Qa8 36. Bxd7 Bxd7 37. Kh2 Qc8 38. Be3 Qc7 39. Bd2 a5 40. Bc3 g6 41. Rf6 Rf8 42. Rxg6+ 1-0

[Event "Mulhouse"]
[Site "Mulhouse"]
[Date "2004.07.05"]
[Round "7"]
[White "Rost, Thibault"]
[Black "Lengert, Martin"]
[Result "1-0"]
[WhiteElo "2120"]
[BlackElo "1810"]
[PlyCount "45"]
[EventDate "2004.06.29"]
[EventType "tourn"]
[EventRounds "11"]
[EventCountry "FRA"]
[SourceTitle "CBM 101 Extra"]
[Source "ChessBase"]
[SourceDate "2004.09.01"]
[SourceVersion "2"]
[SourceVersionDate "2004.09.01"]
[SourceQuality "1"]

1. e4 e6 2. d4 d5 3. Nd2 Nf6 4. e5 Nfd7 5. Bd3 c5 6. c3 Nc6 7. Ne2 Qb6 8. Nf3 cxd4 9. cxd4 Be7 10. b3 0-0 11. 0-0 Re8 12. Ng5 Nf8 13. Kh1 h6 14. Nf3 Bd7 15. Be3 Nh7 16. Qb1 Nf8 17. g4 Qd8 18. Rg1 Nb4 19. g5 hxg5 20. Nxg5 Nxd3 21. Qxd3 g6 22. h4 Nh7 23. Nxf7 1-0

[Event "Mulhouse"]
[Site "Mulhouse"]
[Date "2004.06.30"]
[Round "2"]
[White "Schaub, Marc"]
[Black "Lengert, Martin"]
[Result "1/2-1/2"]
[WhiteElo "1994"]
[BlackElo "1810"]
[PlyCount "66"]
[EventDate "2004.06.29"]
[EventType "tourn"]
[EventRounds "11"]
[EventCountry "FRA"]
[SourceTitle "CBM 101 Extra"]
[Source "ChessBase"]
[SourceDate "2004.09.01"]
[SourceVersion "2"]
[SourceVersionDate "2004.09.01"]
[SourceQuality "1"]

1. e4 e6 2. d4 d5 3. Nd2 Nf6 4. e5 Nfd7 5. Bd3 c5 6. c3 Nc6 7. Ne2 Qb6 8. Nf3 cxd4 9. cxd4 Bb4+ 10. Kf1 0-0 11. Bxh7+ Kxh7 12. Ng5+ Kg8 13. Qd3 Re8 14. Qh7+ Kf8 15. Qh8+ Ke7 16. Qxg7 Nd8 17. Nxf7 Nxf7 18. Bg5+ Nf6 19. Qxf6+ Kd7 20. Qxf7+ Be7 21. Rc1 Qxb2 22. Bxe7 Rxe7 23. Rc7+ Kxc7 24. Qxe7+ Bd7 25. g3 Qb1+ 26. Kg2 Qe4+ 27. Kg1 Qxe2 28. Qd6+ Kd8 29. Qf8+ Be8 30. Qd6+ Kc8 31. Qxe6+ Bd7 32. Qd6 Qe1+ 33. Kg2 Qe4+ 1/2-1/2